Fundamentals of Trust Accounting Income and Principal Rules under the Revised New York State Laws

Detalles Bibliográficos
Autor principal: Goldberg, Seymour
Formato: eBook
Lenguaje:inglés
Publicado: Chicago: American Bar Association, 2014
Materias:
Acceso en línea:Acceso restringido

MARC

LEADER 00000nam a22000007a 4500
005 20210224214319.0
007 cr|||| ||||
008 210224s2014 us |||||s|||| 00||0 eng d
020 |a 9781627224567 
035 |a 31225 
040 |a vLex 
090 |c 11254  |d 11254 
100 1 |a Goldberg, Seymour 
245 1 0 |a Fundamentals of Trust Accounting Income and Principal Rules under the Revised New York State Laws  |h [Recurso electrn̤ico] /  |c Seymour Goldberg 
256 |a Servicio en ln̕ea 
260 |a Chicago:  |b American Bar Association,  |c 2014 
300 |a 1 recurso electrn̤ico 
500 |a This is an essential guide for anyone involved in trust drafting in New York State. It's a great resource to help be aware of the trust accounting rules that are applicable to New York State trust laws. 
506 1 |a Disponible solo en los productos indicados  |d vLex Global  |d vLex Global (Academic Edition, excluding Law Schools)  |d vLex Global (Academic Edition, Law Schools) 
650 0 4 |a Derecho Fiscal  |z Estados Unidos 
650 0 4 |a Contabilidad  |z Estados Unidos 
740 0 |a vLex Libros (Servicio en ln̕ea) 
856 4 0 |u http://vlex.com/source/fundamentals-of-trust-accounting-income-and-principal-rules-under-the-revised-new-york-state-laws-31225  |z Acceso restringido 
942 |c BOOK 
999 0 |a Tax Law 
999 0 |a Accounting